| 000 | 01664cam a2200421 4500 | ||
|---|---|---|---|
| 001 | 1133327834 | ||
| 003 | DE-627 | ||
| 005 | 20240904113725.0 | ||
| 007 | tu | ||
| 008 | 980107s1975 xx ||||| 00| ||ger c | ||
| 035 | _a(DE-627)1133327834 | ||
| 035 | _a(DE-576)06332783X | ||
| 035 | _a(DE-599)BSZ06332783X | ||
| 035 | _a(OCoLC)256226026 | ||
| 035 | _a(OCoLC)256226026 | ||
| 040 |
_aDE-627 _bger _cDE-627 _erakwb _dDE-2950 |
||
| 041 | _ager | ||
| 044 | _cXA-DDDE | ||
| 084 |
_aLO 98300 _2rvk _0(DE-625)rvk/105831: |
||
| 245 | 1 | 0 |
_aChile, Gesang und Bericht / _cHrsg.: Thomas Billhardt, Volker Braun, Werner Bräunig, Paul Dessau ... |
| 264 | 1 |
_aHalle (Saale): _bMitteldt. Verl., _c1975. |
|
| 300 |
_a282 S.: _bIll. |
||
| 336 |
_aText _btxt _2rdacontent |
||
| 337 |
_aohne Hilfsmittel zu benutzen _bn _2rdamedia |
||
| 338 |
_aBand _bnc _2rdacarrier |
||
| 583 | 1 |
_aArchivierung/Langzeitarchivierung gewährleistet _fSLG _zBfZ _2pdager _5DE-24 |
|
| 583 | 1 |
_c20240324 _fDE-4165 _z1 _2pdager |
|
| 583 | 1 |
_aArchivierung/Langzeitarchivierung gewährleistet _c20240722 _fNI-LastCopies _2pdager _5DE-89 |
|
| 653 | _aChile | ||
| 653 | _aBildband | ||
| 700 | 1 |
_aBillhardt, Thomas _d1937- _eHrsg. _0(DE-588)120890313 _0(DE-627)080950493 _0(DE-576)166401897 _4edt |
|
| 700 | 1 |
_aBraun, Volker _d1939- _eHrsg. _0(DE-588)118514644 _0(DE-627)079317448 _0(DE-576)160411211 _4edt |
|
| 700 | 1 |
_aHeisig, Bernhard _d1925-2011 _eHrsg. _0(DE-588)118548689 _0(DE-627)079346693 _0(DE-576)161364209 _4edt |
|
| 700 | 1 |
_aKunert, Günter _d1929-2019 _eHrsg. _0(DE-588)118568051 _0(DE-627)079364349 _0(DE-576)209002840 _4edt |
|
| 936 | r | v | _aLO 98300 |
| 942 |
_2z _cB |
||
| 951 | _aBO | ||
| 999 |
_c373316 _d373316 |
||